000 00314nam a22001457a 4500
008 221006b ||||| |||| 00| 0 eng d
020 _a9780205775903
041 _aeng
080 _a030
082 _a030
100 _a40.2
101 _aENC
245 _aTHINK WORLD RELIGIONS
_cROBSON .R.R
942 _2udc
_cBK
999 _c58365
_d58365